| 000 | 00767nam a2200277Ia 4500 | ||
|---|---|---|---|
| 003 | OSt | ||
| 005 | 20220918165739.0 | ||
| 006 | a|||||r|||| 00| 0 | ||
| 007 | ta | ||
| 008 | 220917b |||||||| |||| 00| 0 eng d | ||
| 020 | _a8170997720 (hbk) | ||
| 024 | _a156,827 | ||
| 037 | _cTextual | ||
| 040 |
_aARTS _cARTS _beng |
||
| 041 |
_2eng _aeng |
||
| 082 | _aV2,63.N, P0 | ||
| 100 |
_aMishra S. N. _925344 |
||
| 245 | 0 | _aDecentralised planning and panchayati raj | |
| 260 |
_aNew Delhi _bMittal Publication _c2000 |
||
| 300 |
_a191p. _ccm. |
||
| 650 | _aHISTORY | ||
| 700 |
_a Mishra Sweta _925345 |
||
| 700 |
_a Pal Chaitali _925346 |
||
| 942 |
_hV2,63.N, P0 _cTEXL _2CC |
||
| 999 |
_c130910 _d130910 |
||